| 000 | 00782cab a2200277 4500 | ||
|---|---|---|---|
| 001 | WB2433-22 | ||
| 008 | 090401t1988 xxu||||| |||| 00| 0 eng d | ||
| 035 | _a(Sirsi) u90244 | ||
| 041 | _aeng | ||
| 245 | _aAustralian demand | ||
| 260 | _c1988 | ||
| 350 | _a0 | ||
| 490 |
_aEstates Times _vNo 957 12/8/88 p2 |
||
| 520 | _aHillier Parker `s " investment outlook" on Australia n commercial and industrial property market , shows a continuing demand for prime office space in many of the main cities. | ||
| 650 | _aADELAIDE | ||
| 650 | _aBRISBANE | ||
| 650 | _aCANBERRA | ||
| 650 | _aCENTRAL BUSINESS DISTRICTS | ||
| 650 | _aLAND VALUES | ||
| 650 | _aMELBOURNE | ||
| 650 | _aPERTH | ||
| 650 | _aSYDNEY | ||
| 690 | _aOVERSEAS | ||
| 942 | _n0 | ||
| 948 | _c04/03/1997 | ||
| 999 |
_c57187 _d57187 |
||